[Event "III Festival Magistrale"]
[Site "Amantea ITA"]
[Date "1993.09.??"]
[Round "?"]
[White "Araslanov, Farid"]
[Black "Conquest, Stuart C."]
[WhiteElo "2260"]
[BlackElo "2485"]
[Result "0-1"]
[PlyCount "101"]
[EventDate "1993.09.11"]

1. d4 f5 2. g3 Nf6 3. Bg2 g6 4. Nh3 Bg7 5. O-O O-O 6. c4 Nc6 7. Nc3 Kh8 8. Rb1
a6 9. e3 Qe8 10. b3 Rb8 11. Bb2 Nd8 12. Re1 Nf7 13. Nf4 g5 14. Nfd5 Nxd5 15.
Nxd5 e6 16. Nc3 b5 17. cxb5 axb5 18. e4 b4 19. Na4 fxe4 20. Bxe4 Nd6 21. Bg2
Qf7 22. Qd2 Bb7 23. Bxb7 Rxb7 24. Rbc1 c6 25. Re2 Nf5 26. Rc4 Qh5 27. Re1 Kg8
28. Qe2 Qf7 29. Qd2 Nd6 30. Rcc1 g4 31. a3 Nf5 32. Rc4 bxa3 33. Bxa3 Re8 34.
Nc5 Ra7 35. Bb2 Rf8 36. Ra4 Rxa4 37. bxa4 Rb8 38. Bc3 Nd6 39. a5 Nb5 40. a6
Nxc3 41. Qxc3 Rf8 42. Re2 e5 43. dxe5 d6 44. Nd3 Qd5 45. a7 c5 46. Nf4 Qb7 47.
Qc4+ Kh8 48. Ne6 Ra8 49. exd6 Rxa7 50. Qe4 c4 51. Nxg7 0-1

[Event "III Festival Magistrale"]
[Site "Amantea ITA"]
[Date "1993.09.??"]
[Round "?"]
[White "Blasco, Domenico"]
[Black "Grande, Pasquale"]
[WhiteElo "2205"]
[BlackElo "1980"]
[Result "1-0"]
[PlyCount "96"]
[EventDate "1993.09.11"]

1. d4 Nf6 2. Nf3 e6 3. Bg5 d5 4. e3 Bd6 5. Nbd2 Nbd7 6. Bd3 O-O 7. O-O c6 8.
Re1 Qb6 9. b3 h6 10. Bh4 Qc7 11. c4 e5 12. cxd5 Nxd5 13. Bg3 exd4 14. Bxd6 Qxd6
15. Nxd4 N7f6 16. Qf3 Nb4 17. Ne4 Nxe4 18. Bxe4 f5 19. Bb1 Qf6 20. a3 c5 21.
Nc2 Nc6 22. b4 cxb4 23. Ba2+ Be6 24. Bxe6+ Qxe6 25. Nxb4 Rac8 26. Nd5 Ne5 27.
Qd1 Rfd8 28. Nf4 Rxd1 29. Nxe6 Rxe1+ 30. Rxe1 Nd3 31. Ra1 Rc2 32. f3 Rc3 33.
Kf1 Ne5 34. Nd4 g6 35. Kf2 Nc4 36. Nb5 Rc2+ 37. Kg3 a6 38. Nd4 Rc3 39. a4 Nxe3
40. Rb1 Rd3 41. Ne6 Rd2 42. Rxb7 g5 43. f4 Nf1+ 44. Kh3 Rd3+ 45. g3 Rd2 46.
Rb8+ Kf7 47. Nd8+ Kg6 48. Rb6+ Kh5 1-0

[Event "III Festival Magistrale"]
[Site "Amantea ITA"]
[Date "1993.09.??"]
[Round "?"]
[White "Borgo, Giulio"]
[Black "Naumkin, Igor"]
[WhiteElo "2370"]
[BlackElo "2450"]
[Result "0-1"]
[PlyCount "82"]
[EventDate "1993.09.11"]

1. e4 e6 2. d4 d5 3. Nc3 Bb4 4. Nge2 dxe4 5. a3 Bxc3+ 6. Nxc3 Nc6 7. Bb5 Nge7
8. Bg5 f6 9. Be3 O-O 10. Qd2 e5 11. d5 Nd4 12. Bc4 Kh8 13. Bxd4 exd4 14. Qxd4
Nf5 15. Qd2 Nd6 16. Bb3 f5 17. Qf4 Bd7 18. h4 b5 19. Ne2 Qf6 20. c3 Rac8 21.
Rd1 Nf7 22. Qe3 Ne5 23. Nf4 a5 24. h5 Rce8 25. d6 cxd6 26. Kf1 b4 27. Qg3 h6
28. axb4 axb4 29. Ng6+ Nxg6 30. Rxd6 Be6 31. hxg6 f4 32. Rxh6+ gxh6 33. g7+
Qxg7 34. Qxg7+ Kxg7 35. Rxe6 Rxe6 36. Bxe6 Kf6 37. Bd7 bxc3 38. bxc3 Ke5 39.
Ke2 Ra8 40. Bb5 Ra2+ 41. Ke1 Ra1+ 0-1

[Event "III Festival Magistrale"]
[Site "Amantea ITA"]
[Date "1993.09.??"]
[Round "?"]
[White "Conquest, Stuart C."]
[Black "Pastres, Roberto"]
[WhiteElo "2485"]
[BlackElo "2225"]
[Result "1-0"]
[PlyCount "49"]
[EventDate "1993.09.11"]

1. e4 c5 2. Nf3 e6 3. Nc3 a6 4. g3 b5 5. Bg2 Bb7 6. d3 d6 7. O-O g6 8. h4 Bg7
9. h5 gxh5 10. Bg5 Bf6 11. Bxf6 Nxf6 12. Qd2 Nc6 13. a4 b4 14. Ne2 e5 15. Nh4
Ne7 16. c3 a5 17. Qh6 Ng6 18. Nf5 Kd7 19. d4 Bxe4 20. Bxe4 Nxe4 21. dxc5 Qg5
22. Qxg5 Nxg5 23. Rad1 Ra6 24. Nxd6 Ke6 25. f4 1-0

[Event "III Festival Magistrale"]
[Site "Amantea ITA"]
[Date "1993.09.??"]
[Round "?"]
[White "Conquest, Stuart C."]
[Black "Smagin, Sergey B."]
[WhiteElo "2485"]
[BlackElo "2550"]
[Result "1-0"]
[PlyCount "119"]
[EventDate "1993.09.11"]

1. c4 e6 2. g3 d5 3. Bg2 dxc4 4. Qa4+ Nd7 5. Qxc4 a6 6. Qc2 e5 7. Nf3 Ngf6 8.
O-O Bd6 9. d4 O-O 10. Nc3 Re8 11. Rd1 exd4 12. Nxd4 Be5 13. Nf5 c6 14. e4 Qa5
15. Bd2 Nf8 16. Na4 Qc7 17. f4 Bxf5 18. fxe5 Qxe5 19. exf5 Qd4+ 20. Kh1 Ng4 21.
Bf3 Nf2+ 22. Kg2 Nxd1 23. Rxd1 Qe5 24. Bf4 Qb5 25. Nc3 Qa5 26. Bd6 Nd7 27. b4
Qb6 28. Ne4 Ne5 29. Be2 a5 30. Bc5 Qc7 31. f6 axb4 32. fxg7 Re6 33. h4 h6 34.
Rd6 Nd7 35. Rxe6 fxe6 36. Bxb4 Qe5 37. Bc4 Nb6 38. Bd3 Nd5 39. Bc5 Qc7 40. Kh3
Qe5 41. Nd6 Qxg7 42. Qe2 e5 43. Nf5 Qd7 44. Kh2 Nf6 45. Nxh6+ Kh8 46. Bc4 Kg7
47. Qe3 Qg4 48. Nxg4 Nxg4+ 49. Kh3 Nxe3 50. Bxe3 Ra4 51. Bb3 Re4 52. Bb6 Re1
53. Kg4 Rf1 54. h5 Rc1 55. h6+ Kh8 56. Kg5 c5 57. Bd5 Rd1 58. Bb3 Rc1 59. Be6
c4 60. Bc7 1-0

[Event "III Festival Magistrale"]
[Site "Amantea ITA"]
[Date "1993.09.??"]
[Round "?"]
[White "Contin, Daniel"]
[Black "Araslanov, Farid"]
[WhiteElo "2385"]
[BlackElo "2260"]
[Result "1-0"]
[PlyCount "65"]
[EventDate "1993.09.11"]

1. c4 Nf6 2. Nf3 e6 3. g3 b6 4. Bg2 Bb7 5. O-O c5 6. Nc3 Be7 7. Re1 a6 8. e4 d6
9. d4 cxd4 10. Nxd4 Qc7 11. Be3 Nbd7 12. f4 Rc8 13. g4 h5 14. h3 hxg4 15. hxg4
Nc5 16. Nd5 exd5 17. exd5 O-O 18. g5 Nfe4 19. Nf5 Rfe8 20. Bd4 Bf8 21. Qh5 Re5
22. fxe5 dxe5 23. Bxe4 g6 24. Nh6+ Bxh6 25. Qxh6 exd4 26. Bg2 b5 27. b4 Nd3 28.
Re4 Nf4 29. Rae1 Qb8 30. Rf1 Nxg2 31. Rxf7 Kxf7 32. Qh7+ Kf8 33. Re7 1-0

[Event "III Festival Magistrale"]
[Site "Amantea ITA"]
[Date "1993.09.??"]
[Round "?"]
[White "Contin, Daniel"]
[Black "Conquest, Stuart C."]
[WhiteElo "2385"]
[BlackElo "2485"]
[Result "1-0"]
[PlyCount "55"]
[EventDate "1993.09.11"]

1. c4 e5 2. Nc3 Bb4 3. Qb3 Na6 4. Nf3 d6 5. e3 Ne7 6. a3 Nc5 7. Qc2 Bxc3 8.
Qxc3 O-O 9. b4 Ne4 10. Qc2 f5 11. Bb2 Bd7 12. d4 exd4 13. Nxd4 c5 14. Ne2 cxb4
15. axb4 Qb6 16. b5 a6 17. f3 Nc5 18. Qc3 Rf7 19. Nf4 Rc8 20. Qd4 axb5 21. cxb5
Bxb5 22. Qb4 Nd3+ 23. Bxd3 Qxe3+ 24. Be2 Bxe2 25. Nxe2 Rc2 26. Qb5 Ng6 27. Kf1
Nf4 28. Ra8+ 1-0

[Event "III Festival Magistrale"]
[Site "Amantea ITA"]
[Date "1993.09.??"]
[Round "?"]
[White "Contin, Daniel"]
[Black "Shnaider, David"]
[WhiteElo "2385"]
[BlackElo "2300"]
[Result "0-1"]
[PlyCount "84"]
[EventDate "1993.09.11"]

1. c4 e5 2. Nc3 Nc6 3. g3 d6 4. Bg2 Be6 5. Qa4 Qd7 6. Nd5 Rc8 7. e3 g6 8. h4 h6
9. Ne2 Bg7 10. d3 Nf6 11. Rb1 O-O 12. b4 a6 13. Qc2 Nd8 14. a4 Nh5 15. b5 axb5
16. axb5 Kh7 17. b6 c6 18. Nc7 f5 19. Nxe6 Nxe6 20. f4 exf4 21. gxf4 Rce8 22.
Kf2 Qe7 23. Bd2 Nexf4 24. Nxf4 Nxf4 25. exf4 Qe2+ 26. Kg1 Bd4+ 27. Kh2 Qf2 28.
Rhe1 Qxh4+ 29. Bh3 Bf2 30. Rg1 Re2 31. Rg2 Rfe8 32. Qd1 Rxd2 33. Qxd2 Be3 34.
Qc3 Bxf4+ 35. Kg1 Qxh3 36. Re1 Be3+ 37. Rxe3 Qxe3+ 38. Kf1 Re4 39. Rf2 Qh3+ 40.
Rg2 Rf4+ 41. Kg1 Qe3+ 42. Kh2 Rh4# 0-1

[Event "III Festival Magistrale"]
[Site "Amantea ITA"]
[Date "1993.09.??"]
[Round "?"]
[White "Levitt, Jonathan Paul"]
[Black "Brugnoli, Luciano"]
[WhiteElo "2455"]
[BlackElo "2104"]
[Result "1-0"]
[PlyCount "121"]
[EventDate "1993.09.11"]

1. d4 d6 2. c4 e5 3. Nc3 exd4 4. Qxd4 Nf6 5. b3 Nc6 6. Qd2 g6 7. Bb2 Bg7 8. f3
O-O 9. e4 Re8 10. Nge2 Ne5 11. O-O-O a5 12. Na4 Bd7 13. Nec3 Bc6 14. Be2 Ned7
15. Kb1 b6 16. Nb5 Nc5 17. Nxc5 bxc5 18. e5 dxe5 19. Qxd8 Raxd8 20. Nxc7 Rxd1+
21. Rxd1 Re7 22. Rd8+ Ne8 23. Na6 e4 24. Bxg7 Kxg7 25. Nxc5 exf3 26. Bxf3 Bxf3
27. gxf3 Re2 28. Nb7 a4 29. bxa4 Nc7 30. Nc5 Rxh2 31. Rd7 Ne8 32. a5 Rh5 33.
Nb3 Nf6 34. Rd8 Re5 35. a6 Re7 36. Ra8 Re8 37. Rxe8 Nxe8 38. Kc2 h5 39. Kd3 h4
40. a7 Nc7 41. Ke3 Kf6 42. Nc5 Ke7 43. Ne4 Kd7 44. Nf6+ Kc6 45. Nd5 Na8 46. a4
Kb7 47. f4 Kxa7 48. Kf3 Ka6 49. Kg4 Ka5 50. c5 Kxa4 51. c6 Kb5 52. c7 Nxc7 53.
Nxc7+ Kc6 54. Na6 f6 55. Nb4+ Kc5 56. Nd3+ Kd4 57. Nf2 Ke3 58. Nh3 Ke4 59. Ng1
Ke3 60. Nh3 Ke4 61. Ng1 1-0

[Event "III Festival Magistrale"]
[Site "Amantea ITA"]
[Date "1993.09.??"]
[Round "?"]
[White "Levitt, Jonathan Paul"]
[Black "Conquest, Stuart C."]
[WhiteElo "2455"]
[BlackElo "2485"]
[Result "0-1"]
[PlyCount "58"]
[EventDate "1993.09.11"]

1. d4 Nf6 2. c4 c5 3. d5 b5 4. cxb5 a6 5. f3 axb5 6. e4 Qa5+ 7. Bd2 b4 8. Na3
d6 9. Nc4 Qa7 10. Bg5 Nbd7 11. Bd3 e6 12. dxe6 fxe6 13. Qe2 Be7 14. e5 Nxe5 15.
Nxe5 dxe5 16. Qxe5 O-O 17. Nh3 Kh8 18. a3 Qb6 19. Bxf6 gxf6 20. Qe4 f5 21. Qxa8
c4 22. Bxc4 bxa3 23. b3 Bb7 24. Qa4 Qe3+ 25. Kf1 Bxf3 26. Ng1 Be4 27. Qb5 Bc5
28. Re1 Qd4 29. Nh3 Ra8 0-1

[Event "III Festival Magistrale"]
[Site "Amantea ITA"]
[Date "1993.09.??"]
[Round "?"]
[White "Naumkin, Igor"]
[Black "Archangelsky, Mikhail"]
[WhiteElo "2450"]
[BlackElo "2275"]
[Result "1-0"]
[PlyCount "79"]
[EventDate "1993.09.11"]

1. d4 d5 2. c4 dxc4 3. Nf3 Nf6 4. e3 e6 5. Bxc4 c5 6. O-O a6 7. a4 Nc6 8. Qe2
Qc7 9. Nc3 Bd6 10. h3 O-O 11. Rd1 b6 12. d5 exd5 13. Bxd5 Bb7 14. e4 Rae8 15.
Bg5 Nd7 16. Bxc6 Qxc6 17. Nh4 Be5 18. Nd5 Qe6 19. Qd3 Nf6 20. Bxf6 Bxf6 21. Nc7
Qxe4 22. Nxe8 Rxe8 23. Nf3 g6 24. Qd2 Rd8 25. Qe1 Rxd1 26. Qxd1 Qf5 27. Ra3 b5
28. axb5 axb5 29. Qc1 Kg7 30. Re3 h5 31. b3 Qd5 32. Qd2 Qc6 33. Rd3 c4 34. bxc4
Qxc4 35. Rd6 Qe4 36. Qc1 Be5 37. Rd7 Bc6 38. Rxf7+ Kg8 39. Re7 Bf4 40. Rxe4 1-0

[Event "III Festival Magistrale"]
[Site "Amantea ITA"]
[Date "1993.09.??"]
[Round "?"]
[White "Smagin, Sergey B."]
[Black "Contin, Daniel"]
[WhiteElo "2550"]
[BlackElo "2385"]
[Result "1-0"]
[PlyCount "89"]
[EventDate "1993.09.11"]

1. e4 e6 2. d4 d5 3. Nd2 c5 4. exd5 exd5 5. Ngf3 Nf6 6. Bb5+ Bd7 7. Bxd7+ Nbxd7
8. O-O Be7 9. dxc5 Nxc5 10. Re1 O-O 11. Nf1 Re8 12. Be3 Qd7 13. c3 Bf8 14. Qc2
Qb5 15. Rad1 Nce4 16. Bd4 Qa6 17. Ne3 Rad8 18. h3 g6 19. a4 Qc6 20. Qb3 Nc5 21.
Qa2 Nce4 22. a5 b6 23. Ne5 Qc7 24. axb6 axb6 25. N3g4 Nxg4 26. Nxg4 h5 27. Rxe4
hxg4 28. Rxg4 Re2 29. g3 Qc6 30. Rf4 Ra8 31. Qb3 Ra5 32. Rh4 Bg7 33. Bxg7 Kxg7
34. Qb4 Ra2 35. Qd4+ f6 36. Qf4 g5 37. Qf5 gxh4 38. Qg4+ Kf8 39. Qxe2 hxg3 40.
fxg3 Qc5+ 41. Kf1 Qc8 42. g4 Qc7 43. Re1 Qf4+ 44. Kg2 Kg7 45. Qe7+ 1-0

[Event "III Festival Magistrale"]
[Site "Amantea ITA"]
[Date "1993.09.??"]
[Round "?"]
[White "Smagin, Sergey B."]
[Black "Levitt, Jonathan Paul"]
[WhiteElo "2550"]
[BlackElo "2455"]
[Result "1-0"]
[PlyCount "43"]
[EventDate "1993.09.11"]

1. e4 e6 2. d4 d5 3. Nd2 c5 4. Ngf3 cxd4 5. exd5 Qxd5 6. Bc4 Qd6 7. Qe2 Nf6 8.
Nb3 Nc6 9. Bg5 a6 10. O-O-O b5 11. Bd3 Bb7 12. Nbxd4 Nxd4 13. Nxd4 O-O-O 14.
Bxb5 axb5 15. Nxb5 Qb4 16. Rxd8+ Kxd8 17. Rd1+ Kc8 18. Rd4 Qa5 19. Qc4+ Kb8 20.
Bf4+ Ka8 21. Rd8+ Qxd8 22. Qa4+ 1-0

[Event "III Festival Magistrale"]
[Site "Amantea ITA"]
[Date "1993.09.??"]
[Round "1"]
[White "Patavia, Antonio"]
[Black "Zichichi, Alvise"]
[WhiteElo "2016"]
[BlackElo "2305"]
[Result "0-1"]
[PlyCount "82"]
[EventDate "1993.09.11"]

1. e4 c5 2. Nf3 e6 3. d4 cxd4 4. Nxd4 Nc6 5. Nxc6 bxc6 6. Bd3 e5 7. O-O Nf6 8.
Bg5 h6 9. Bh4 Bc5 10. Nd2 g5 11. Bg3 d6 12. Nb3 Bb6 13. c4 Bg4 14. Qc2 Nd7 15.
c5 dxc5 16. Qc3 O-O 17. Bc4 Qe7 18. f3 Bh5 19. Bf2 Rfd8 20. Rac1 Kh7 21. Rc2 f6
22. Rfc1 Be8 23. Ba6 Rab8 24. a4 c4 25. Bxc4 Bxf2+ 26. Rxf2 Nb6 27. Nc5 Nxc4
28. Qxc4 Rd4 29. Qa6 Kg8 30. h3 h5 31. b3 h4 32. Rfc2 Bf7 33. Kh2 Rd6 34. Kh1
Qc7 35. Qe2 Rbd8 36. Qe1 Qb6 37. Rc3 Rd4 38. Kh2 R8d6 39. Kh1 a5 40. Kh2 Kg7
41. Qe3 Qb4 0-1